Crimson Tide / (Record no. 22639)

MARC details
000 -LEADER
fixed length control field 01329ngm a2200349 4500
003 - CONTROL NUMBER IDENTIFIER
control field dpl
005 - DATE AND TIME OF LATEST TRANSACTION
control field 20090130103832.0
007 - PHYSICAL DESCRIPTION FIXED FIELD--GENERAL INFORMATION
fixed length control field DVD
008 - FIXED-LENGTH DATA ELEMENTS--GENERAL INFORMATION
fixed length control field ||||||sp199 xxu|||||c|||| 00| 0 eng d
010 ## - LIBRARY OF CONGRESS CONTROL NUMBER
LC control number DVD-001580
024 ## - OTHER STANDARD IDENTIFIER
Terms of availability 499.00
Standard number or code BVI- 1086
035 ## - SYSTEM CONTROL NUMBER
System control number DVD-001580
040 ## - CATALOGING SOURCE
Original cataloging agency DPL
Transcribing agency DPL
082 ## - DEWEY DECIMAL CLASSIFICATION NUMBER
Classification number DVD / CRIM
245 ## - TITLE STATEMENT
Title Crimson Tide /
Statement of responsibility, etc Hollywood Pictures Presents
Medium [videorecording] DVD/
250 ## - EDITION STATEMENT
Edition statement Special Edition
260 ## - PUBLICATION, DISTRIBUTION, ETC. (IMPRINT)
Name of publisher, distributor, etc Holywood Pictures Home Video
300 ## - PHYSICAL DESCRIPTION
Extent 1 videodisc DVD; (129 min.) ;
Other physical details sd., col. ;
Dimensions 4 3/4 in.
Type of unit DVD
440 ## - SERIES STATEMENT/ADDED ENTRY--TITLE
Title Hollywood Pictures Home Video
500 ## - GENERAL NOTE
General note This DVD is Copy Protected
538 ## - SYSTEM DETAILS NOTE
Display text Language: Dolby Digital 5.1-English Subtitles: English
538 ## - SYSTEM DETAILS NOTE
System details note Aspect Ratio:1.85:1, Presentation type:Wide Screen Presentation Size 16x9, Format DVD 9 Dual Layer Single Sided Disc.
650 ## - SUBJECT ADDED ENTRY--TOPICAL TERM
Topical term or geographic name as entry element Motion Picture
700 ## - ADDED ENTRY--PERSONAL NAME
Personal name Washington, Denzel
700 ## - ADDED ENTRY--PERSONAL NAME
Personal name Hackman, Gene
700 ## - ADDED ENTRY--PERSONAL NAME
Personal name Scott, Tony
700 ## - ADDED ENTRY--PERSONAL NAME
Personal name Zimmer, Hans
700 ## - ADDED ENTRY--PERSONAL NAME
Personal name Lebenzon, Chris
942 ## - ADDED ENTRY ELEMENTS (KOHA)
Koha item type CD-ROMs, DVDs, VHS
Source of classification or shelving scheme Dewey Decimal Classification
Classification part DVD
Call number suffix CRIM
Holdings
Withdrawn status Lost status Source of classification or shelving scheme Damaged status Not for loan Home library Current library Date acquired Source of acquisition Cost, normal purchase price Total Checkouts Total Renewals Full call number Barcode Date last seen Date checked out Copy number Cost, replacement price Price effective from Koha item type
    Dewey Decimal Classification     Central Library Central Library 30/01/2009 Purchase 499.00 20 1 DVD CRIM DVD-001580 18/03/2014 04/03/2014 1 499.00 30/01/2009 CD-ROMs, DVDs, VHS

© Delhi Public Library
Hit Counter
free hit counter